Statistics for Planet of the Apes Characters

Click here to take the quiz!

General Stats

  • This quiz has been taken 42 times
  • The average score is 8 of 23

Answer Stats

ClueCharacter% Correct
Time-displaced astronautGeorge Taylor
67%
Chimpanzee archaeologist and husband of the aboveCornelius
61%
Leads an ape revolutionCaeser
58%
Conqueror of the Planet of the ApesCaeser
58%
Chimpanzee psychologist and friend of the aboveZira
56%
Scarred bonobo who hates humansKoba
53%
Orangutan Minister of ScienceDr. Zaius
50%
Taylor's mute spouseNova
50%
Chimpanzee scarred in a bear attackBlue Eyes
44%
Wise orangutan from the ape sanctuaryMaurice
44%
Former dominant chimpanzee at the ape sanctuaryRocket
44%
Best friend of the aboveAsh
33%
Tries to cure his father's Alzheimer's and dooms the human raceWill Rodman
28%
Genius chimpanzee strangled by a gorillaDr. Milo
25%
Astronaut sent on a rescue missionJohn Brent
22%
Leader of the human colony who befriends the apesMalcolm
22%
Friendly circus ownerArmando
8%
Co-leader of the human colonyDreyfus
8%
CDC nurse and wife of the aboveEllie
8%
Water worker who hates the apesCarver
6%
Friendly human scientist #1Lewis Dixon
6%
Friendly human scientist #2Stephanie Branton
6%
Science advisor to the PresidentDr. Hasslein
3%

Score Distribution

Percentile by Number Answered

Percent of People with Each Score

Your Score History

You have not taken this quiz